[Event "Belgrade Investbank"]
[Site "Belgrade"]
[Date "1997.11.19"]
[Round "7"]
[White "Gelfand, Boris"]
[Black "Ivanchuk, Vassily"]
[Result "1/2-1/2"]
[WhiteElo "2695"]
[BlackElo "2725"]
[Annotator "Gelfand,B"]
[PlyCount "125"]
[EventDate "1997.11.11"]
[EventType "tourn"]
[EventRounds "9"]
[EventCountry "YUG"]
[EventCategory "18"]
[SourceTitle "CBM 062"]
[Source "ChessBase"]
[SourceDate "1998.01.31"]
[SourceVersion "1"]
[SourceVersionDate "1998.01.31"]
[SourceQuality "1"]

1. d4 {Ribli} d6 2. Nf3 Bg4 {Ribli: Es ist interessant, daß Ivanchuk eine
theoretisch so genügsame Fortsetzung wählt.} 3. c4 (3. e4 {Ribli} Nf6 4. Nc3 $5
) 3... Bxf3 4. exf3 {Ribli: Weiß hat einen Doppelbauern, aber -was wichtiger
ist- er hat auch freie Hand im Zentrum und das Läuferpaar.} c6 (4... g6 {Ribli}
5. Nc3 Bg7 6. Be3 Nd7 7. Be2 c5 8. dxc5 Nxc5 9. Rc1 Nf6 10. O-O O-O 11. b4 $14
{Georgiev,Ki-Rivas Pastor,M/Las Palmas/1993/CBM36/}) 5. Nc3 Nd7 (5... g6 {Ribli
} 6. Be2 Bg7 7. O-O Nh6 8. d5 Nf5 9. Bd3 Nd4 10. Re1 Nd7 11. Bg5 Ne5 12. f4 h6
13. Bh4 g5 14. fxe5 gxh4 15. exd6 Qxd6 16. Qg4 {1-0 Khalifman,A-Rashkovsky,N/
Moscow PCA-Intel qual 1995/EXP 46 (26)}) (5... e6 $2 {Ribli} 6. d5 $1 exd5 7.
cxd5 Nd7 8. Bf4 Nb6 9. dxc6 bxc6 10. Ba6 Qd7 11. O-O Be7 12. Re1 Rd8 13. Qe2 {
Lukacs,P-Miltner,A/Budapest FS08 GM 1996/EXP 54/1-0 (50)}) 6. Be2 g6 (6... Ngf6
{Ribli} 7. f4 g6 8. Be3 Bg7 9. d5 c5 10. Qc2 a6 11. a4 Qa5 12. Bd2 Qc7 13. f5
O-O-O 14. a5 gxf5 15. Qxf5 Rde8 16. Qc2 e6 17. O-O h5 18. Rfd1 {1-0 Knaak,
R-Schoeneberg,M/BL9192 1992 (39)}) 7. O-O Bg7 8. Be3 Ngf6 (8... Nh6 {Ribli} 9.
Bd3 f5 10. Qd2 Nf7 11. d5 O-O 12. Ne2 Re8 13. Rad1 e5 14. dxe6 Rxe6 15. Bb1 Re8
16. Rfe1 Qc7 17. f4 Rad8 18. Nc3 Nc5 19. b4 Ne6 20. h3 b6 21. a3 {Polak,
T-Votava,J/After GP Mladi 1997/1/2-1/2 (71)}) 9. d5 O-O 10. Qb3 (10. f4 {
[%cal Ge2f3] Ribli} cxd5 11. Nxd5 Nc5 12. Nc3 Nfe4 13. Nxe4 Nxe4 14. Bf3 Nc5
15. Rb1 a5 16. b3 Qc7 17. h4 e6 18. h5 Rfd8 19. Bd4 e5 20. Be3 e4 21. Be2 Qc6
22. Qd5 Qxd5 23. cxd5 gxh5 24. Rfc1 h4 25. Bg4 Nd3 26. Rc7 Nb4 {0-1 Sorokin,
M-Spangenberg,H/Villa Gesell 1996/CBM 52/[Ribli] (41)}) 10... Qb8 $146 {
Ribli: Schwarz möchte a6 und eventuell b7-b5 oder Rf8-c8 spielen. Der Damezug
wirkt auf den ersten Blick ein wenig sonderbar.} (10... cxd5 11. cxd5 Qb8 (
11... Qa5 12. a3 a6 13. Rac1 Rac8 14. Qxb7 Rb8 15. Qxa6 Qxa6 16. Bxa6 Rxb2 17.
a4 Nc5 18. Bb5 Nfd7 19. Ne4 Rd8 {1/2-1/2 Bacrot,E-Markotic,G/Nice (09) ;EXP 40
1994 (41)}) 12. Rfc1 Rc8 13. f4 a6 14. a4 b6 15. Bf3 Nc5 16. Qd1 Ra7 17. b4
Ncd7 18. Ne2 Rac7 19. Nd4 Qb7 20. Nc6 {1-0 Stohl,I-Pribyl,J/BL 9394 (1993) ;BL
90 1994 (56)}) (10... Qc7 11. Rfd1 a6 12. Rac1 Rfc8 13. f4 e6 (13... Rab8 $5 {
Ribli}) 14. dxe6 $5 (14. Bf3 {Ribli} exd5 15. cxd5 c5 $13) 14... fxe6 15. Bf3
Rab8 16. g3 Re8 17. Ne2 Rbd8 18. Qa3 Bf8 19. b4 $14 e5 20. Qb3 Kh8 21. Nc3 Bg7
22. Qc2 $1 {1-0 Kharitonov,A-Agrest,E/Pinsk ;CBM 38 1993 (38)}) (10... Qc7 11.
Rfd1 Rfb8 12. Rac1 Qa5 13. a3 Qd8 14. f4 a6 15. h3 cxd5 16. Nxd5 Nxd5 17. Rxd5
b6 18. f5 Ra7 19. fxg6 hxg6 20. Rcd1 a5 21. Qc2 a4 22. h4 Ra5 23. h5 gxh5 24.
Rxh5 Rxh5 25. Bxh5 Ra8 {1/2-1/2 Kharitonov,A-Gurgenidze,B/URS-FL Sverdlovsk ;
MCL 06 1984 (36)}) (10... Nc5 {Ribli} 11. Qc2 (11. Bxc5 dxc5 12. dxc6 bxc6 13.
f4 Rb8 14. Qc2 $13 {[%csl Yd4] Ribli: Schwarz hat nun auch seinen Doppelbauern,
aber das Feld d4 ist eine Schwäche im weißen Lager.})) 11. Rfd1 Rc8 12. Rac1 a6
13. Rd2 $5 {Ribli: Weiß verfügt über das Läuferpaar und Raumvorteil, aber die
schwarze Stellung ist solide und weist keine Schwächen auf. Mit dem Partiezug
behält sich Weiß verschiedene Turmverdopplungen vor.} cxd5 (13... Nc5 14. Qd1
cxd5 15. Nxd5 Nxd5 16. cxd5 $14) (13... b5 14. dxc6 bxc4 15. Qxb8 (15. Qxc4 Ne5
16. Qa4 Nxc6 17. Bxa6 $140 Nb4 18. Bxc8 Rxa4 19. Nxa4 Nxa2 20. Rc4 d5 21. Rc5
Qb4 $17) 15... Nxb8 16. Na4 Rxc6 (16... Nxc6 17. Nb6 d5 18. Nxa8 Rxa8 19. b3
$18) 17. Bxc4 (17. Rxc4 Rxc4 18. Bxc4 Nbd7 $13) 17... Kf8 (17... d5 18. Nb6
Rxb6 19. Bxd5 (19. Bxb6 Nbd7 $17) 19... Nxd5 20. Rc8+ Bf8 21. Rxd5 Rc6 (21...
Rxb2 22. Rxf8+ Kxf8 23. Rd8+ Kg7 24. Bd4+ $18) 22. Re8 $18) 18. Nb6 (18. Rdc2
Nbd7 19. Bb3 Rxc2 20. Rxc2 $13) 18... Ra7 19. Nd5 Rb7 20. Rdc2 Nbd7 21. b4 (21.
Nxf6 Nxf6 22. Bd5 $1 Rxc2 23. Rxc2 Rb8 24. Ba7 Rd8 25. Bb7 a5 26. Bb6 Rb8 27.
Rc8+ Rxc8 28. Bxc8 a4 $132) 21... Ne5 22. Bb3 (22. Bf1) 22... Rxc2 23. Rxc2 $16
) 14. Nxd5 (14. cxd5 {Ribli} b5 $11 15. Rcd1 $2 (15. Rdc2 Nc5 16. Qb4 Nfd7 {
[%cal Gg7c3] Der schwarze Bg7 kontrolliert den Damenflügel.}) 15... Nc5 16. Qc2
b4 17. Nb1 Nce4 $17 {[%cal Rc8c2,Re4d2]}) 14... Nxd5 15. Rxd5 Rc6 $6 {Schwarz
bereitet ...Qc7 und möglicherweise ...Rc8 vor.} (15... b5 16. cxb5 Rxc1+ 17.
Bxc1 Nc5 (17... e6 18. Rd1 Nc5 19. Qb4 axb5 20. a3 $16) 18. Rxc5 $5 (18. Qb4
axb5 19. a3 Qb7 20. Rd1 Rb8) (18. Qd1 axb5 19. b4 Na4 20. Rxb5 Qc7 $132) (18.
Qc2 axb5 19. b4 e6) 18... dxc5 19. bxa6 $14) (15... Nc5 16. Qb4 (16. Qa3 b5 17.
b4 e6 18. Rd2 Na4) 16... a5 17. Qa3 $1 $14 (17. Qb5 Rc6 {/\Rca6,x Qb5})) 16. f4
Qc7 17. Rdd1 a5 {Ribli: Schwarz hat dank seines aktiven Bg7 Gegenspiel am
Damenflügel. Es droht eventuell ...a5-a4 und ...Nd7-c5.} (17... Rc8 18. g3 Nb6
$140 19. Bf3 Nxc4 20. Bxc6 Qxc6 21. Bd4 $16) 18. Bf3 (18. Qa3 $5 {Ribli: /\b3,
Rc2,Qc1}) 18... Nc5 19. Qc2 (19. Bxc5 {Ribli} Rxc5 20. Qxb7 Qxb7 21. Bxb7 Rb8
22. Bf3 Rxb2 $15 {[%csl Gb2]}) 19... Rb6 20. Rb1 $16 (20. b3 {Ribli} a4 21. Rb1
axb3 22. axb3 Rba6 {[%cal Ga8a2]}) 20... a4 21. h4 {Ribli: Weiß besitzt
Initiative am Königsflügel.} (21. f5 $5) 21... e6 (21... h5 $2 {Ribli} 22. f5
$36) 22. h5 Qe7 23. Rd2 Kf8 $5 {Ribli: Schwarz spielt prophylaktisch, aber es
gibt für Weiß noch nichts Konkretes am Königsflügel.} 24. Qd1 Ke8 25. g3 {
Weiß räumt das Feld g2 für den König.} (25. b4 axb3 26. axb3 Rba6 27. Bd4 Bxd4
28. Rxd4 $16) 25... Raa6 $1 26. Kg2 Rb4 {Ribli: Schwarz möchte seinen
Kontrahenten zu 27.a3 provozieren, was den weißen Damenflügel schwächt.} 27.
hxg6 hxg6 28. Qh1 Qf8 $2 29. Qd1 $2 (29. Rbd1 Rxb2 30. Bxc5 Rxd2 31. Rxd2 dxc5
32. Qb1 Bd4 $1 33. Qb5+ Kd8 34. Rxd4+ (34. Bxb7 Rd6) 34... cxd4 35. c5 $1 e5
36. Qxb7 Re6 37. Bc6 Rxc6 38. Qxc6 $16) (29. Qh4 $5) 29... Qe7 30. Qh1 Kf8 {
Ribli: Schwarz spielt auf Gewinn und umgeht die Zugwiederholung. Aber der
schwarze König steht wegen möglicher Motive auf der Diagonale a3-f8 nicht
allzu glücklich auf f8.} 31. Rbd1 $6 {Weiß gibt seinen schwachen Pb2 und
bekommt dafür den wichtigen Pd6. Nun droht 32.Bxc5 nebst 33.Rd8.} (31. Qh7 $5
Nd7 (31... Rab6 32. f5 $1 $18) (31... Qc7 32. Bd4 $16) 32. Rbd1 $14) {[#]}
31... Rxb2 $2 (31... Nd7 $5 32. Kg1 Nf6 33. Bd4 $14) (31... Qc7 $1 {Ivanchuk}
32. Bd4 Rab6 33. Qh7 Bxd4 34. Rxd4 Rxb2 35. Qh8+ Ke7 36. Qh4+ Kd7 37. Qh7 $11)
32. Rxd6 $1 {Ribli: Mit diesem vorübergehenden Qualitätsopfer gewinnt Weiß den
Bauern zurück. Die Fesselung auf der Diagonalen a3-f8 wird unangenehm für
Schwarz.} (32. Bxc5 {Ribli} Rxd2 33. Rxd2 dxc5 $15) 32... Rxd6 33. Bxc5 Rbb6
34. Qh7 $1 (34. Qe1 Kg8 35. Qa5 Qd7 36. Qxb6 Rxd1 37. Bxd1 Qxd1 38. Qxb7 Qc2
$11) 34... a3 {Ribli: Der a-Bauer ist ohne große Bedeutung, deshalb gibt
Schwarz ihn für die offene Turmlinie her.} (34... e5 35. fxe5 (35. f5 e4) 35...
Bxe5 36. Re1 $18) (34... Qc7 35. Ba3) 35. Bxa3 Ra6 36. Bb4 (36. Bxd6 {Ribli}
Rxd6 37. Rxd6 Qxd6 38. Bxb7 Qc7 39. Ba6 Qa5 40. Bb5 Qxa2 $14 {Weiß hat
minimalen Materialvorteil. Die ungleichfarbigen Läufer erhöhen die Remisbreite.
}) 36... Rab6 37. Bc5 Qc7 (37... Ra6 {Ribli} 38. Rb1 $5 {[%cal Rb1b7,Rc5f8]})
38. Ba3 Ra6 39. Bb4 Bf6 (39... Rab6 40. c5 Rxb4 (40... Rxd1 $2 41. cxb6+ $18)
41. cxd6 Qd7 (41... Qd8 {Ribli} 42. Rc1 Rb6 43. Rc7 Rxd6 44. Rxb7 Rd7 $14) 42.
f5 $1 (42. Rc1 Rb6 (42... Qxd6 43. Rc8+ Ke7 44. Qxg7 $18) 43. Rc7 Qd8 {Rogers,I
}) 42... exf5 43. Rc1) 40. f5 {Ribli: Weiß opfert einen Bauern für eine
aktivere Stellung seines weißfeldrigen Läufers.} (40. a4 $1 Ke7 41. a5 $18 (41.
f5 gxf5 42. Bh5 Qc6+ 43. Kg1 Qe8 44. a5)) 40... gxf5 (40... exf5 {Ribli} 41.
Bd5 $44 {[%csl Gb4,Gd5,Rf7][%cal Rb4f8]}) 41. Bh5 {Ribli: Die weiße Drohung
ist einfach: 42.Bxd6 Rxd6 43.Rxd6 Qxd6 44.Qxf7 Matt.} (41. Rb1 $5) 41... Bg7
42. a4 Rab6 (42... Rac6 43. Rxd6 Rxd6 44. a5) 43. Ba3 (43. c5 Qc6+ (43... Rxb4
44. cxd6 Qc6+ 45. Kg1 Qd7 46. Rc1) (43... Rxd1 $2 44. cxb6+ $18) 44. Bf3 Rxb4
45. cxd6 Qe8 (45... Qd7 {Ribli} 46. Rc1 $36) 46. d7 Qd8 47. a5 Ra4 (47... Rd4
48. Qxg7+ Kxg7 49. Rxd4 e5 50. Rd1 e4 51. Be2 $18) 48. Bxb7 Rxa5 49. Qh4 Qxh4
50. gxh4 Bf6 51. d8=Q+ Bxd8 52. Rxd8+ $18) 43... Rbc6 (43... Ra6 {Ribli}) 44.
Bf3 $2 (44. Rxd6 Rxd6 45. a5 Be5 46. f4 Bg7 47. Kh3 Qe7 48. Bf3 e5 49. Bxb7
Rh6+ (49... exf4 50. a6) 50. Qxh6 Qxa3 51. Qb6 Kg8 52. Qd8+ Qf8 (52... Kh7 53.
Bc8) 53. Qxf8+ Bxf8 54. a6 Bc5 55. fxe5 $18) 44... Rc5 {Ribli: Schwarz kann
seinen zweiten Turm ruhig auf die Diagonale stellen, denn es droht jetzt ...
b7-b6, und der weiße Läufer kann ohnehin nur einen Turm nehmen.} 45. Rxd6 Qxd6
46. Bxb7 f4 $1 {Schwarz gibt einen zweiten Bauer für die Befreiung von der
Fesselung.} (46... Qc7 47. Kg1) (46... Bd4 {Ribli} 47. a5 $5) 47. Qh4 {Ribli:
Weiß droht 48.Bxc5 Qxc5 49.Qd8 Matt, gleichzeitig hängt der Pf4.} (47. a5 fxg3
48. a6 (48. fxg3 {Ribli} Qd2+ 49. Kh3 Qxa5) 48... gxf2) (47. gxf4 Rg5+ 48. fxg5
Qxa3 $11) (47. g4 Bd4 48. Bf3 (48. Qe4 Kg8 49. a5 Bxf2) (48. a5 Bxf2) 48... Qe5
$132) 47... Ke8 48. Bxc5 (48. a5 fxg3 49. a6 gxf2 50. Bxc5 Qxc5 51. a7 f1=Q+ $1
52. Kxf1 Qf5+ 53. Kg2 Qc2+ 54. Kh3 Qd3+ 55. Qg3 Qh7+ $11) 48... Qxc5 49. Qxf4 {
Ribli: Weiß hat zwei Bauern mehr, aber aufgrund der ungleichfarbigen Läuefer
ist es nicht leicht - wenn es denn überhaupt möglich ist -, den Vorteil zu
verwerten.} Be5 50. Qe4 Ke7 51. Ba6 Bc7 $11 {Ribli: Dame und Läufer möchten
die Diagonale a7-g1 einnehmen, um eine Blockadestellung auf den schwarzen
Feldern zu errichten.} 52. Bb5 Bb6 53. Qe1 Qd4 54. a5 Bc5 {Ribli: Weiß kann
allenfalls noch a5-a6 ziehen, aber dann geht es nicht weiter - die schwarze
Batterie hält die Stellung.} 55. Qe2 Kd6 56. Qf3 f5 57. a6 Ke5 {Ribli: Der
schwarze König schützt die Bauern, so daß Weiß nicht vorankommt.} 58. Qe2+ Kf6
59. Bc6 e5 60. Bd5 {Ribli: Der Läufer steht zwar gut auf d5, aber es gelingt
Weiß nicht, Drohungen aufzubauen.} e4 61. g4 e3 62. fxe3 Qxe3 63. Qxe3 (63.
Qxe3 {Ribli} Bxe3 64. Kf3 Bc5 65. gxf5 Kxf5 $11 {Und der schwarze König kann
die Bauern gemeinsam mit seinem Läufer leicht blockieren. Ribli.}) 1/2-1/2

[Event "Las Palmas"]
[Site "Las Palmas"]
[Date "1993.??.??"]
[Round "1"]
[White "Georgiev, Kiril"]
[Black "Rivas Pastor, Manuel"]
[Result "1-0"]
[WhiteElo "2660"]
[BlackElo "2515"]
[Annotator "Georgiev,Ki"]
[PlyCount "75"]
[EventDate "1993.06.??"]
[EventType "tourn"]
[EventRounds "9"]
[EventCountry "ESP"]
[EventCategory "16"]
[SourceTitle "CBM 036"]
[Source "ChessBase"]
[SourceDate "1993.10.01"]
[SourceVersion "1"]
[SourceVersionDate "1993.10.01"]
[SourceQuality "1"]

1. d4 {Ribli} d6 2. Nf3 Bg4 3. c4 Bxf3 (3... Nd7) 4. exf3 g6 (4... c6 {Ribli
Lobron,E-Rivas Pastor,M/Debrecen/1992/56,59/}) 5. Nc3 Bg7 (5... c6 {Ribli Van
der Sterren,P-Jansa,V/Prague Chip/1992/CBM27/}) 6. Be3 Nd7 7. Be2 c5 $6 (7...
Ngf6 {/\ 0-0, c6}) 8. dxc5 Nxc5 (8... Bxc3+ $2 9. bxc3 Nxc5 10. O-O $14) 9. Rc1
Nf6 10. O-O O-O (10... a5 $5 {Ribli}) 11. b4 Ne6 (11... Ncd7 {/\ Qc7}) 12. f4
$1 Rc8 $6 (12... a5 13. a3 axb4 14. axb4 Qb8 15. Qb3 Rc8 $132) 13. Qb3 b6 14.
Rfd1 Qd7 15. Qa3 $6 (15. Bf3 {/\ Nb5}) 15... Bh6 $1 (15... Qb7 16. Bf3 Qb8 17.
Nb5 $16) 16. g3 (16. f5 $2 Bxe3 17. fxe6 Qxe6 18. fxe3 Qxe3+ 19. Kh1 Ne4 $40)
16... Qb7 (16... Ng7 {/\ Nf5}) 17. Bf1 g5 $2 (17... Ng7) (17... Ng4 {Ribli} 18.
Bg2 Qd7 19. Nb5 $16) 18. Bg2 Qd7 19. fxg5 Nxg5 (19... Bxg5 {Ribli} 20. Nd5 $16)
20. Nd5 (20. Bxg5 Bxg5 21. f4 Bh6 22. Nb5 $16) 20... Nxd5 21. Rxd5 Qg4 (21...
Nh3+ {Ribli} 22. Kh1 $18) 22. Qxa7 $6 (22. Rd4 Nf3+ (22... Qf5 23. Qxa7 Nf3+
24. Bxf3 Bxe3 25. fxe3 Qxf3 26. Qxe7 $18) 23. Bxf3 Qxf3 24. Bxh6 Qxa3 25. Rg4+
Kh8 26. Bg7+ Kg8 27. Bf6#) 22... f5 $5 23. Qxe7 $6 (23. Rd4) 23... Rfe8 (23...
f4 24. Rxg5+ $1 Qxg5 25. Bd5+ Kh8 26. Bd4+ $18) 24. Qxd6 Nf7 25. Qxb6 Rb8 26.
Qa7 Ra8 27. Qd4 $1 Rxe3 (27... Qxd4 28. Rxd4) 28. Qxg4+ (28. fxe3 {Ribli} Qe2
$1) 28... fxg4 29. fxe3 Bxe3+ 30. Kh1 Bxc1 31. Rd1 Rxa2 32. Rxc1 Rb2 33. Bd5
Kg7 (33... Rxb4 34. Rf1 $18) 34. c5 Rxb4 35. c6 Nd6 36. c7 Kf6 37. Rc6 Ke5 38.
Rxd6 1-0

[Event "EU-ch 1st"]
[Site "Saint Vincent"]
[Date "2000.07.10"]
[Round "7"]
[White "Gershon, Alik"]
[Black "Azmaiparashvili, Zurab"]
[Result "1-0"]
[WhiteElo "2502"]
[BlackElo "2673"]
[Annotator "Gershon,A"]
[PlyCount "77"]
[EventDate "2000.07.03"]
[EventType "swiss"]
[EventRounds "11"]
[EventCountry "ITA"]
[SourceTitle "CBM 078"]
[Source "ChessBase"]
[SourceDate "2000.10.18"]
[SourceVersion "1"]
[SourceVersionDate "2000.10.18"]
[SourceQuality "1"]

1. d4 d6 2. Nf3 Bg4 3. c4 Nd7 4. e4 e5 5. d5 {5.Be2 is a more common move here.
} (5. Be2) 5... f5 (5... Be7 6. Be2 (6. Nc3 h6 (6... Bxf3 $5 7. Qxf3 Bg5 8.
Bxg5 Qxg5 9. g3 a6 10. h4 Qe7 11. Bh3 h5 12. O-O Ndf6 13. b4 Nh6 14. Qe3 Nh7
15. c5 g5 $132 {0-1 Razuvaev,Y-Christiansen,L/New York 1989/CBM 12 (40)}) 7. g3
Bg5 8. Bg2 Bxc1 9. Rxc1 h5 10. Qd3 Nc5 $6 11. Qe3 a5 $2 12. Nxe5 dxe5 13. Qxc5
Rh6 14. h4 Bd7 15. b3 $16 {1-0 Nikolic,N-Gofshtein,L/Zagreb 1993/CBM 35 (38)})
(6. Bd3 Bxf3 7. Qxf3 Bg5 8. Bxg5 Qxg5 9. Nc3 a5 10. h4 Qe7 11. h5 Ngf6 12. Ne2
Nc5 13. Bc2 Nfd7 14. Qe3 O-O 15. Ng3 g6 16. Rh3 Qf6 17. Ne2 $14 {1-0 Khenkin,
I-Summerscale,A/FRA 1999/EXT 2000 (32)}) 6... Bxf3 (6... Ngf6 7. Nc3 O-O 8. O-O
c6 9. Ne1 Bxe2 10. Qxe2 cxd5 11. cxd5 Qb8 12. g3 Bd8 13. a4 $6 Ba5 14. Na2 Rc8
15. b4 Bb6 16. a5 Bd4 17. Rb1 Qc7 18. Nf3 Qc2 $17 {0-1 Karlik,V-Pacl,V/CZE
1998/EXT 2000 (28)}) 7. Bxf3 Bg5 8. Nc3 Bxc1 9. Rxc1 Nh6 10. O-O O-O 11. b4 g6
12. Qd2 Kg7 13. Bd1 Qe7 14. Bc2 f6 15. Qe3 a5 16. a3 axb4 17. axb4 Ra3 18. Ra1
Rfa8 19. Rxa3 Rxa3 20. Qd2 Nb6 21. Bd3 Rb3 22. Rb1 Rxb1+ 23. Nxb1 $11 {1/2-1/2
Marcus,J-Jolles,H/NLD-chT9596 1995/EXT 99 (42)}) 6. Be2 $5 {In the only other
game where black has played 5..f5 white continues 6.Nc3} Nc5 (6... fxe4 $143 7.
Ng5 Bf5 (7... Bxe2 8. Qxe2 Nc5 9. Nxe4 (9. O-O {[%cal Gb2b4]} Be7 10. Ne6 (10.
b4 $5 Bxg5 11. Qh5+ g6 12. Qxg5 Qxg5 13. Bxg5 Nd3 14. Nc3 h6 15. Be3 Nf6 16.
Rab1 $14) 10... Nxe6 11. dxe6 Nf6 12. Bg5 O-O $17) 9... Nxe4 10. Qxe4 Nf6 11.
Qe2 Be7 12. Nc3 O-O 13. O-O $14 {[%cal Gc1g5]}) 8. Nc3 Nc5 9. b4 Nd3+ 10. Bxd3
exd3 11. Nge4 (11. Nce4 $2 Nf6 12. Qxd3 Nxe4 13. Nxe4 Qh4 $19) (11. g4 Bg6 (
11... Bd7 12. h3 Be7 13. Nge4 Nf6 14. Qxd3 $14) 12. Ne6 Qd7 13. Nb5 $36) 11...
Nf6 12. f3 Be7 13. Qxd3 $14) 7. Ng5 $6 (7. exf5 $142 e4 (7... Bxf5 8. Be3 $14)
8. Nd4 Nd3+ 9. Kf1 Bxe2+ 10. Nxe2 Qh4 11. Be3 $14 {[%csl Re4,Rf5][%cal Gb1c3]})
7... Be7 $1 (7... Bxe2 8. Qxe2 fxe4 {see annotations to black's 6th move}) 8.
Bxg4 (8. Ne6 Nxe6 9. dxe6 Bxe2 10. Qxe2 fxe4 11. Qg4 (11. Qxe4 c6 {[%csl Re6]
And sooner or later, after black sets his forces, white pawn will be doomed})
11... g6 12. Qxe4 c6 13. O-O Nf6 14. Qd3 O-O 15. Bh6 Re8 16. Rd1 Ng4 $17) 8...
Bxg5 9. Bxg5 Qxg5 10. exf5 (10. Bxf5 Qxg2 11. Ke2 Ne7 (11... Nxe4 12. Qg1 $1
Qxg1 13. Rxg1 Nef6 14. Rxg7 $16) 12. Qg1 Qxg1 13. Rxg1 Nxf5 14. exf5 O-O $17)
10... Nf6 11. Bh3 {[%csl Rc4,Rf5,Rh3] Although a pawn up, white's position is
a difficult one due to the very poor positioning of his pieces. White gives
back the extra material, and meanwhile gets his forces into the game} Qh4 12.
O-O $1 {Of course white has no time to try and hold the pawns.} Qxc4 13. Nc3
O-O {After this move white is able to get his bishop to a normal square.
However, trying to prevent white's next move would get black himself in an
unpleasant situation.} (13... Qh4 {[%csl Rh3][%cal Yc5e4,Ye4g5]} 14. Nb5 $1 Kd8
15. f4 e4 16. b4 (16. Qc2 $5) 16... Nd3 17. Qc2 Nxd5 (17... Rc8 18. Nxa7 Rb8
19. Nb5) 18. Qc4 c6 19. Nxd6 Kc7 20. Qxe4 (20. Nb5+ Kb8 21. Qxe4 N5xf4 22. Rxf4
Qxf4 23. Qxd3 cxb5 24. Rf1 Qe5 $17) 20... N5xf4 21. Rad1 $1 Nxh3+ 22. gxh3 Qxe4
23. Nxe4 Nxb4 24. Nc5 Nxa2 25. Ne6+ Kc8 26. Nxg7 Rg8 27. f6 Nc3 28. Rd3 Ne4 29.
Kh1 $44) 14. g3 $1 Rf7 15. Re1 {[%cal Gh3f1]} Qd3 $6 {A strange decision.
During my opponent's thought I was looking for ways to change black's very
active and annoying Q, and there came Qd3} (15... Raf8 $142) 16. Re3 (16. Qxd3
Nxd3 17. Re3 (17. Re2 a5 $11) 17... Nb4 (17... Nxb2 18. Bf1 $1 {[%csl Rb2]} b5
19. Bxb5 $16) 18. Rd1 Nc2 $11 {[%cal Gc2d4]}) 16... Qxd1+ 17. Rxd1 a5 18. g4 $1
{Defending the f5 pawn along with creating a threat of g4-g5} Ra6 $2 {Badly
underestimating the power of white's plan} (18... h6 {was essential} 19. f3 Ra6
20. Bf1 Rb6 21. Bb5 $14 {[%cal Gh2h4]} c6 $140 $2 22. Bc4 $16) 19. g5 Nh5 20.
Ne2 $1 {This is probably what my opponent missed} Rb6 21. Bg4 Nf4 (21... Rxb2
$5 22. Bxh5 (22. g6 hxg6 23. fxg6 Rf6 24. Bxh5 Rxa2 $44) 22... Rxf5 23. a3
Rxg5+ 24. Ng3 {[%cal Gh2h4]} g6 25. Bf3 $16) 22. Nxf4 exf4 23. Re8+ Rf8 24.
Rde1 Rxb2 25. Rxf8+ $1 (25. Bh5 Nd7 26. R1e7 Rxe8 27. Rxe8+ Nf8 {and black's
pawns are more dangerous}) 25... Kxf8 26. Bh5 g6 $8 27. fxg6 hxg6 28. Bxg6 {
A bishop is traditionally stronger than a knight with pawns on two flanks, and
here black has problems with his king in addition.} f3 $2 {A mistake which
makes white's task much easier} (28... Rd2 $1 29. h4 $1 (29. Re8+ Kg7 30. Bh5
Rxd5 31. Re7+ Kf8 32. Re8+ $11) 29... Rxd5 30. Kg2 Kg7 31. Bb1 Re5 32. Rxe5
dxe5 33. Kf3 Na4 34. h5 Nc3 35. h6+ $18) (28... Rxa2 $5 29. h4 f3 30. Re3 $16 (
30. h5 Re2 31. Kf1 Rxe1+ 32. Kxe1 a4 33. Kd2 a3 34. Kc2 b5 (34... c6 35. dxc6
bxc6 36. Bf5 d5 37. h6 d4 38. g6 d3+ 39. Kb1 d2 40. g7+ Kg8 41. Bc2 $18) 35.
Kb1 (35. Bf5 b4 36. h6 b3+ 37. Kb1 Na4 38. g6 Nc3+ 39. Kc1 b2+ 40. Kd2 b1=Q 41.
g7+ Ke7 42. Bxb1 Nxb1+ 43. Kc2 a2 44. g8=Q a1=Q 45. h7 Qc3+ 46. Kxb1 Qb3+ $11)
35... b4 36. Ka2 Na4)) 29. Re3 $1 Rxa2 30. Rxf3+ Kg8 31. Bf5 {[%cal Gf5d7,
Gf5d3] cutting off the knight} Ra4 32. Kg2 {[%cal Gg2g3,Gh2h4]} Kg7 33. Kg3
Ne4+ 34. Bxe4 Rxe4 35. Rc3 $1 {the rook ending is hopeless} Kg6 (35... Re7 36.
f4 b5 37. f5 b4 38. Rc1 Kf8 39. f6 Re5 40. Kf4 $18) 36. f4 Kf5 37. Rxc7 Re3+
38. Kh4 Kxf4 $2 $138 {a mistake in a lost position} (38... a4 39. Rf7+ Kg6 40.
Rxb7 a3 41. Kg4 $18 {[%cal Gf4f5]}) 39. Rf7+ (39. Rf7+ Ke4 40. Re7+ Kd4 41.
Rxe3 Kxe3 42. g6 $18) 1-0